000 00528nam a2200193Ia 4500
003 GCL
008 140319s9999 xx 000 0 ara d
040 _aGCL /
_cGCL
082 0 4 _aق
_b962.3
_bل ا
100 1 _aخيرى حماد
245 1 0 _aاخضاع النيل لارادة الانسان : السد العالى /
_cخيرى حماد
700 1 _aليتل، توم
300 _a260 ص
490 _a
650 0 4 _aنهر النيل
650 0 4 _aالسد العالى
650 0 4 _aاسوان
942 _2ddc
_cBK
999 _c45474
_d45474